LEADER 01274nam a2200289 i 4500 001 000000149211 003 CaOOAMICUS 005 20060512000000.0 008 060512s1967 it u000 u ita u 013 $a126531 040 $aSeMil$bita 100 1 $aPasternàk, Boris Leonídovic <1890-1960>.$0(OLS)http://semarc/name/28309 245 10$aLettere agli amici georgiani /$cBorís Pasternàk ; raccolte da Georgij Margvela?vili ; traduzione di Clara Coïsson. 260 $aTorino :$bGiulio Einaudi,$ccopyr. 1967. 300 $aXXV, 141 p., [16] p. di tav. ;$c22 cm. 490 0 $aSaggi ;$v405 500 $aFondo Ciprandi. 650 4$aPasternak, Boris Leonidovi? <1890-1960> - Lettere e carteggi.$0(OLS)http://semarc/subject/29149 700 1 $aCoïsson, Clara,$d<1896-1981>.$0(OLS)http://semarc/name/36094 700 1 $aMargvela?vili, Georgij.$0(OLS)http://semarc/name/58954 830 0$aSaggi ;$v405.$0(OLS)http://semarc/title/341 850 $aSeMil 852 $aSeMil$W1$xVenegono$y1$m1V V 128$j101509$B101509$CSeMilBibl$Z2$F111075 $81 941 1 $a1 961 $aOmaggio: Ciprandi dott. Paolo 996 $6245$aLettere agli amici georgiani$9(OLS)http://semarc/title/218135 996 $6260$aTorino :$bGiulio Einaudi$9(OLS)http://semarc/publisher/29810 LEADER 00905nam a2200229 i 4500 001 000000038100 003 CaOOAMICUS 005 20081025000000.0 008 081025s1970 xx u000 u fre u 013 $a8505 040 $aSeMil$bita 245 10$a2 /$ctexte établi, présenté et annoté par Samuel S. de Sacy. 300 $aLXXVIII, 1326 p. 490 0 $aBibliothèque de la pléiade ;$v217 500 $aContiene : Notice chronologique. 700 1 $aSamuel, S. : de Sacy.$0(OLS)http://semarc/name/18262 773 0 $aAlain <1868-1951>$tPropos.$d[Paris] : Gallimard, 1956-1970.$kBibliothèque de la Pléiade$w()20185 830 0$aBibliothèque de la Pléiade ;$v217.$0(OLS)http://semarc/title/42418 850 $aSeMil 852 $aSeMil$W1$xVenegono$y1$m1W VI 202$j4255$B4255$CSeMilBibl$Z2$F4255 $81 961 $aOmaggio: Ciprandi dott. Paolo 996 $6245$a2$9(OLS)http://semarc/title/46890